00961nam a2200241 a 450000100100000000500170001000800410002702000180006804000250008608200150011110000360012624501290016226000470029130000360033849000220037450000770039650400320047359000260050570000290053183000290056095201130058999900170070200004243320201002040143.0131202s1989 sp ac r 001 0 spa d a9788486675776 aDO-SdBNPbspacBNPHU axxxxbxxxx1 aGutiérrez, José Luis96957313aLa Ambición del Cesar :bun retrato político y humano de Felipe González /cJosé Luis Gutiérrez, Amando de Miguel. aMadrid :bEdiciones Temas de Hoy,c[1989]. a430 p. :bil., retrs. ;c21 cm.1 aHombres de hoyv6 aIncluye datos biográficos de los autores en la soplapa de la cubierta. aBibliografía : p. 417-421 aInventariado, 2019/BT12aAmando, Miguel de969574 0aHombres de hoyn6969575 001050718MOaGRbGRcHDd2013-12-02iLF1l0oxxxx xxxxp42433-10r2020-06-25w2020-06-25y1ZNo se presta c41922d41922